000 00360nam a2200109Ia 4500
008 201210s9999 xx 000 0 und d
100 _aFair, Marvin L. and Guandolo, John
245 0 _aTedrow's Regulation of Transportation : Practice and Procedure Before the Interstate Commerce Commis
260 _aIowa
_bBrown Son & Ferguson
_c1964
300 _a0
942 _cBK
999 _c5261
_d5261